| 000 | 01191cam a2200277 4500 | ||
|---|---|---|---|
| 001 | WB3709-18 | ||
| 008 | 000000n2001 000 0 eng u | ||
| 035 | _a(Sirsi) u111178 | ||
| 245 | _aCPRE leads crackdown on billboard ads | ||
| 260 | _c2001 | ||
| 490 |
_aFarmers' Weekly _v134(8) 23 February 2001, 19(1) |
||
| 520 | _aThe Council for the Protection of Rural England has issued a briefing document, "Local Reviews of Advertising Controls", which gives advice to local people on encouraging their local authorities to maintain or improve Areas of Special Control of Advertisements (ASCA). Half the English countryside is covered by ASCA designations, under which there is a presumption against permitting large or illuminated signs or hoardings, but these are currently under review. | ||
| 590 | _aWB | ||
| 650 | _aADVERTISING | ||
| 650 | _aAREAS OF SPECIAL CONTROL OF ADVERTISEMENTS | ||
| 650 | _aBANNERS | ||
| 650 | _aBILLBOARDS | ||
| 650 | _aCOUNTRYSIDE | ||
| 650 | _aCPRE | ||
| 650 | _aHOARDINGS | ||
| 650 | _aILLUMINATED SIGNS | ||
| 650 | _aRURAL AREAS | ||
| 650 | _aSIGNS | ||
| 690 | _aENVIRONMENTAL AND LAND CONSULTANCY-PLANNING AND DEVELOPMENT | ||
| 942 | _n0 | ||
| 999 |
_c66231 _d66231 |
||